新幹線型配線(+α)の駅 - Statistics

General Stats
  • This quiz has been taken 9 times
  • The average score is 48 of 66
Answer Stats
Hint Answer % Correct
東北新幹線 宇都宮
100%
上越新幹線 長岡
100%
東海道新幹線 掛川
100%
東海道新幹線 静岡
100%
東海道新幹線 浜松
100%
東海道新幹線 三河安城
100%
山陽新幹線 新倉敷
100%
山陽新幹線 新山口
100%
名鉄名古屋線 二ッ杁
100%
東北新幹線 一ノ関
88%
東北新幹線 古川
88%
東北新幹線 新白河
88%
上越新幹線 浦佐
88%
上越新幹線 上毛高原
88%
上越新幹線 本庄早稲田
88%
北陸新幹線 加賀温泉
88%
東海道新幹線 新富士
88%
山陽新幹線 西明石
88%
山陽新幹線 相生
88%
山陽新幹線 福山
88%
山陽新幹線 新尾道
88%
山陽新幹線 三原
88%
山陽新幹線 東広島
88%
山陽新幹線 徳山
88%
東京メトロ東西線 葛西
88%
成田スカイアクセス線 成田湯川
88%
小田急小田原線:複々線例 祖師ヶ谷大蔵
88%
北陸新幹線 越前たけふ
75%
山陽本線広島地区:特殊例(複々線+中に貨物駅) 天神川
75%
東京メトロ東西線 原木中山
75%
東武スカイツリーライン 鐘ヶ淵
75%
小田急小田原線:複々線例 梅ヶ丘
75%
小田急小田原線:複々線例 豪徳寺
75%
小田急小田原線:複々線例 千歳船橋
75%
小田急小田原線:複々線例 狛江
75%
田園都市・大井町線:複々線例 二子新地
75%
田園都市・大井町線:複々線例 高津
75%
名鉄名古屋線 堀田
75%
京阪本線:複々線例 門真市
75%
京阪本線:複々線例 西三荘
75%
京阪本線:複々線例 土居
75%
京阪本線:複々線例 滝井
75%
京阪本線:複々線例 千林
75%
京阪本線:複々線例 関目
75%
京阪本線:複々線例 野江
75%
山陽本線広島地区:複々線例 向洋
63%
小田急小田原線:複々線例 喜多見
63%
小田急小田原線:複々線例 和泉多摩川
63%
田園都市線:特殊例 ※(1面1線+通過1線)×2層構造 桜新町
63%
名鉄名古屋線 岐南
63%
南大阪線 河内天美
63%
京阪本線:複々線例 大和田
63%
京阪本線:複々線例 古川橋
63%
日本海ひすいライン 名立
50%
東海道本線静岡地区:特殊例
(中に退避線1線+側線1線)
金谷
50%
京急本線 南太田
50%
京急本線 逸見
50%
近鉄難波・奈良線 瓢箪山
50%
南大阪線 今川
50%
阪急神戸線 六甲
50%
近鉄名古屋・山田・鳥羽・志摩線
38%
近鉄名古屋・山田・鳥羽・志摩線 明野
38%
南海高野線 住吉東
38%
阪和線 上野芝
25%
近鉄名古屋・山田・鳥羽・志摩線 櫛田
13%
近鉄名古屋・山田・鳥羽・志摩線※北側ホームに外1線あるが  行止側線なので無視 白木
13%
No matching quizzes found
Score Distribution
Percent of People with Each Score
Percentile by Number Answered
Your Score History
You have not taken this quiz